00428 2200169 4500001002100000008004100021035002000062245003700082100001900119260002800138300002400166020002200190084001400212082000800226990001200234990001200246INLIS000000000002744 IND  a0010-0925000091 aFisika Kelas XIIcNi Ketut Lasmi aNi Ketut Lasmi aJakartabErlanggac2023 a364c(17,5 x 25 cm) a978-623-180-398-6 a530 LAS f a530 a0754958 a0754959